00760nam a2200205 a 450000100100000000500170001000800410002702000180006804000250008624500390011126000690015030000320021949000340025150000730028550400240035883000410038204900090042395201050043299900170053700003391820200930070626.0110914s2007 dr 000 0 spa d a9789879350232 aDO-SdBNPbspacBNPHU00aContorno :bedición facsimilar/. aBuenos Aires, Argentina :bEdiciones Biblioteca Nacional,c2007. aix, 308 p. :bil. ;c31 cm.1 aReediciones y antologíasv1 aIncluye referencias bibliográficas y notas al pie de las páginas aBibliografías: p. 0aReediciones y antologíasv1959359 aBNPD 0010718PDaGRbGRcCTd2011-09-14iLF1l0o p33918-10r2020-06-25w2020-06-25yLFPDZNo se presta c33409d33409